Society in focus : (Record no. 25805)
[ view plain ]
| 000 -LEADER | |
|---|---|
| fixed length control field | 01927cam a22003015a 4500 |
| 001 - CONTROL NUMBER | |
| control field | 18933723 |
| 005 - DATE AND TIME OF LATEST TRANSACTION | |
| control field | 20201128024218.0 |
| 008 - FIXED-LENGTH DATA ELEMENTS--GENERAL INFORMATION | |
| fixed length control field | 160112t2017 mdua frb 001 0 eng d |
| 020 ## - INTERNATIONAL STANDARD BOOK NUMBER | |
| International Standard Book Number | 9781442255975 |
| 040 ## - CATALOGING SOURCE | |
| Original cataloging agency | DLC |
| Language of cataloging | eng |
| Transcribing agency | DLC |
| Modifying agency | DLC |
| -- | EG-ScBUE |
| 082 02 - DEWEY DECIMAL CLASSIFICATION NUMBER | |
| Edition number | 22 |
| Classification number | 301 |
| Item number | THO |
| 100 1# - MAIN ENTRY--PERSONAL NAME | |
| Personal name | Thompson, William E. |
| Fuller form of name | (William Edwin), |
| Dates associated with a name | 1950- |
| 9 (RLIN) | 27493 |
| 245 10 - TITLE STATEMENT | |
| Title | Society in focus : |
| Remainder of title | an introduction to sociology / |
| Statement of responsibility, etc | William E. Thompson, Joseph V. Hickey, Mica L. Thompson. |
| 250 ## - EDITION STATEMENT | |
| Edition statement | 8th ed. |
| 260 ## - PUBLICATION, DISTRIBUTION, ETC. (IMPRINT) | |
| Place of publication, distribution, etc | Lanham : |
| Name of publisher, distributor, etc | Rowman & Littlefield, |
| Date of publication, distribution, etc | c.2017. |
| 300 ## - PHYSICAL DESCRIPTION | |
| Extent | xviii, 631 p. : |
| Other physical details | ill. ; |
| Dimensions | 28 cm. |
| 500 ## - GENERAL NOTE | |
| General note | Revised edition of Society in focus, 2012. |
| 504 ## - BIBLIOGRAPHY, ETC. NOTE | |
| Bibliography, etc | Includes bibliographical references and indexes. |
| 505 0# - FORMATTED CONTENTS NOTE | |
| Formatted contents note | Preface -- About the authors -- Sociological perspective -- Discovering sociology -- Doing sociology -- Social framework -- Society and culture -- Socialization -- Social interaction in everyday life -- Social groups, organizations, and bureaucracies -- Social differentiation and inequality -- Deviance and conformity -- Social stratification and the u.s. class system -- Global stratification -- Race and ethnicity -- Sex and gender -- Age and the elderly -- Social institutions -- Families -- Education -- Religion -- Government, politics, and war -- The economy and work -- Health and medicine -- Social change -- Population, urbanization, and ecology -- Social change, collective behavior, and the future -- Glossary -- Bibliography -- Name index -- Subject index -- Credits. |
| 650 #7 - SUBJECT ADDED ENTRY--TOPICAL TERM | |
| Topical term or geographic name as entry element | Sociology. |
| Source of heading or term | BUEsh |
| 9 (RLIN) | 718 |
| 651 ## - SUBJECT ADDED ENTRY--GEOGRAPHIC NAME | |
| Source of heading or term | BUEsh |
| 653 ## - INDEX TERM--UNCONTROLLED | |
| Resource For college | Generalities |
| Arrived date list | December2017 |
| 655 ## - INDEX TERM--GENRE/FORM | |
| Form subdivision | Text book |
| -- | 33728 |
| 700 1# - ADDED ENTRY--PERSONAL NAME | |
| Personal name | Hickey, Joseph V. |
| 9 (RLIN) | 27495 |
| 700 1# - ADDED ENTRY--PERSONAL NAME | |
| Personal name | Thompson, Mica L. |
| Dates associated with a name | 1980- |
| 776 08 - ADDITIONAL PHYSICAL FORM ENTRY | |
| Display text | Online version: |
| Main entry heading | Thompson, William E. (William Edwin), 1950- author. |
| Title | Society in focus |
| Edition | Eighth Edition. |
| Place, publisher, and date of publication | Lanham : Rowman & Littlefield, 2016 |
| International Standard Book Number | 9781442255982 |
| Record control number | (DLC) 2016001640 |
| 942 ## - ADDED ENTRY ELEMENTS (KOHA) | |
| Source of classification or shelving scheme | Dewey Decimal Classification |
| Withdrawn status | Item status | Source of classification or shelving scheme | Damaged status | Not for loan | Vendor | Home library | Current library | Shelving location | Date acquired | Source of acquisition | Cost, normal purchase price | Total Checkouts | Full call number | Barcode | Date last seen | Koha item type | Total Renewals | Date last borrowed |
|---|---|---|---|---|---|---|---|---|---|---|---|---|---|---|---|---|---|---|
| Dewey Decimal Classification | Baccah | Central Library | Central Library | First floor | 26/12/2017 | Purchase | 1350.00 | 301 THO | 000047019 | 15/07/2025 | NB - Book (Non borrowing) | |||||||
| Dewey Decimal Classification | Baccah | Central Library | Central Library | First floor | 26/12/2017 | Purchase | 301 THO | 000047020 | 15/07/2025 | NB - Book (Non borrowing) | ||||||||
| Dewey Decimal Classification | Baccah | Central Library | Central Library | First floor | 26/12/2017 | Purchase | 301 THO | 000047021 | 15/07/2025 | Book - Borrowing | ||||||||
| Dewey Decimal Classification | Baccah | Central Library | Central Library | First floor | 26/12/2017 | Purchase | 1 | 301 THO | 000047022 | 15/07/2025 | Book - Borrowing | 2 | 11/06/2018 | |||||
| Dewey Decimal Classification | Baccah | Central Library | Central Library | First floor | 26/12/2017 | Purchase | 1 | 301 THO | 000047023 | 15/07/2025 | Book - Borrowing | 26/11/2018 |